US States by Population Density - Statistics

General Stats
  • This quiz has been taken 2,197 times
  • The average score is 22 of 50
Answer Stats
pop/sq mi State % Correct
1210.1 New Jersey
95%
1006.0 Rhode Island
89%
840.0 Massachusetts
81%
739.0 Connecticut
79%
596.0 Maryland
76%
1.3 Alaska
71%
416.4 New York
71%
464.0 Delaware
70%
5.9 Wyoming
66%
353.4 Florida
64%
6.9 Montana
63%
282.0 Ohio
59%
284.0 Pennsylvania
58%
246.0 California
54%
11.7 North Dakota
54%
11.1 South Dakota
54%
232.0 Illinois
51%
19.2 Idaho
48%
214.0 Hawaii
46%
17.2 New Mexico
46%
212.2 North Carolina
44%
206.7 Virginia
44%
24.0 Nebraska
42%
24.8 Nevada
41%
182.0 Indiana
40%
34.3 Utah
39%
165.0 Georgia
38%
174.0 Michigan
37%
35.1 Kansas
36%
39.9 Oregon
32%
103.1 Texas
32%
43.0 Maine
31%
155.0 South Carolina
31%
157.5 Tennessee
31%
147.0 New Hampshire
30%
52.0 Colorado
28%
57.0 Arizona
27%
54.8 Iowa
27%
110.0 Kentucky
27%
105.0 Louisiana
27%
67.7 Vermont
26%
103.0 Washington
26%
94.7 Alabama
25%
55.2 Oklahoma
25%
105.0 Wisconsin
25%
87.1 Missouri
24%
67.1 Minnesota
23%
56.4 Arkansas
22%
77.1 West Virginia
22%
63.1 Mississippi
21%
No matching quizzes found
Score Distribution
Percent of People with Each Score
Percentile by Number Answered
Your Score History
You have not taken this quiz